00909nam a22002415i 4500001000700000003000900007005001700016008004100033080001100074080001100085100002900096245020100125260003200326300002200358490005300380650002500433650003100458700004200489700003200531710001200563830005000575852004200625175202ES-MaACL20250822040308.0101014s1969 sp |||| | spa d a616.89 a340.631 aWeitbrecht, Hans Jörg.10aManual de psiquiatría / cHans Jörg Weitbrecht ; prólogo y capítulo sobre "Psiquiatría forense" por J.J. López Ibor ; versión española de Rafael Echevarría ; traducciones Diorki. aMadrid : bGredos, c[1969] a746 p. ; c24 cm.1 aBiblioteca de psicología y psicoterapia ; v16 7aPsiquiatría2embne17aPsiquiatría legal2embne1 aLópez Ibor, Juan José,d1906-19911 aEchevarría Ramos, Rafael.2 aDiorki.10aBiblioteca de psicología y psicoterapiav164 aES-MaACLjE-13371 xOlim P-527-Ter